| 000 | 00478nam a22001937a 4500 | ||
|---|---|---|---|
| 003 | MPLRDC | ||
| 005 | 20220104160758.0 | ||
| 008 | 210129b ||||| |||| 00| 0 eng d | ||
| 020 | _a957-33-2189-0 | ||
| 082 | _a857.621 NK-14 v.123 | ||
| 100 | _a倪匡 | ||
| 245 |
_a只限老友 _c |
||
| 250 | _a初版 | ||
| 260 |
_a台湾 _b皇冠文化出版有限公司 _c2005 |
||
| 300 | _b平 | ||
| 490 | _a皇冠丛书. 3509 | ||
| 650 | _a小说 | ||
| 942 |
_cBK _o857.621 NK-14 v.123 |
||
| 999 |
_c55162 _d55152 |
||